000 00584cam a22002053a 4500
001 43294
003 PGUSA
005 20140828084002.0
008 130724s2013||||xxu|||||s|||||000 | eng d
040 _aPGUSA
_beng
042 _adc
100 1 _aPontmartin, Armand de
245 1 0 _aLes Jeudis de Madame Charbonneau
_h[electronic resource] /
_cArmand de Pontmartin
260 _bProject Gutenberg,
_c2013
506 _aPublic domain in the USA.
516 _aElectronic text
830 0 _aProject Gutenberg
_v43294
856 4 0 _uhttp://www.gutenberg.org/ebooks/43294
942 _cEB
999 _c272545
_d272545